LIBRARY & INFORMATION CENTRE, KCAET, TAVANUR

ONLINE PUBLIC ACCESS CATALOGUE (OPAC)

Mahamagandhi / (Record no. 12414)

MARC details
000 -LEADER
fixed length control field 00361cam a2200145ua 4500
041 ## - LANGUAGE CODE
Language code of text/sound track or separate title eng
082 ## - DEWEY DECIMAL CLASSIFICATION NUMBER
Classification number 320.58
Item number RAD/MA
100 ## - MAIN ENTRY--AUTHOR NAME
Personal name Radhakrishnan, C.
245 ## - TITLE STATEMENT
Title Mahamagandhi /
260 ## - PUBLICATION, DISTRIBUTION, ETC. (IMPRINT)
Place of publication Madras :
Name of publisher The National publishing Co. ,
Year of publication 1968.
300 ## - PHYSICAL DESCRIPTION
Number of Pages 401 ; .
942 ## - ADDED ENTRY ELEMENTS (KOHA)
Koha item type Books
Holdings
Withdrawn status Lost status Damaged status Home library Current library Date acquired Full call number Accession Number Koha item type
Withdrawn     KAUAET Malayalam University 07/04/2012 320.58 12139 Books
free website counter